000 00583nam a22001937a 4500
999 _c18204
_d18204
003 AR-CdUCM
008 190513b ||||| |||| 00| 0 spa d
040 _aMUNICIPALIDAD PROVINCIAL DEL CUSCO
_cBIBLIOTECA MUNICIPAL DEL CUSCO
082 _a985.009 /
_bB58
100 _aNuñez, Estuardo
_92660
245 _aJose Juaquin de Mora /
260 _aLima :
_c1966.
300 _a143 paginas :
_c20 cm.
440 _aBiblioteca hombre del Perú
_938663
505 _aContenido :Jose Juaquin de Mora
650 _aBiografías
_9148
942 _2ddc
_cLIBROS
945 _arjall
_d2019-05-13